000 00604nam a2200217Ii 4500
001 18372
003 CO-ViMGA
008 241108s9999||||xx |||||||||||||| ||und||
020 _a9501513998
040 _aCO-ViMGA
_bspa
_erda
_cCO-ViMGA
041 0 _aspa
084 _aN KRE1s
100 1 _aJayne Ann Krentz
_948433
245 1 0 _aSocios y amantes
264 1 _aBuenos Aires, Argentina : Javier Vergara, 1994
300 _avolumen
336 _atext
_btxt
_2rdacontent
337 _aunmediated
_bn
_2rdamedia
338 _avolume
_bnc
_2rdacarrier
940 _aidficha_siabuc: 18035. -- ficha_no_siabuc:18372
999 _c43075
_d43075